| 000 | 00424nam a22001697a 4500 | ||
|---|---|---|---|
| 003 | SGT | ||
| 020 | _a9780323676915 | ||
| 082 |
_a617.9 _bO20C |
||
| 100 | _aCHUI, KEVIN K. | ||
| 245 | _aORTHOTICS AND PROSTHETICS IN REHABILITATION | ||
| 250 | _a4TH | ||
| 260 |
_aMISSOURI _bELSEVIER PUB _c2020 |
||
| 300 | _a817 | ||
| 650 | _aPHYSIOTHERAPY | ||
| 653 | _aORTHOTICS AND PROSTHETICS IN REHABILITATION | ||
| 942 |
_2ddc _cBK |
||
| 999 |
_c23445 _d23445 |
||